00525nam a22001697a 4500003000900000005001700009008003500026020001500061040002200076100002100098245005800119260004800177300001900225490002600244500005900270830002600329DO-SdBNP20180301132158.0180301b 2001 pr 00| 0 spa d a188171585X aBPMSUbspacBPMSU1 aTrelles, Melissa10aEl vientre, la luna y la memoria / cMelissa Trelles. aSan Juan, Puerto Rico :bIsla Negra, c2001 a98 p. c22 cm.1 aLa montaña de papel aIncluye dato de la autora en la solapa de la cubierta. 0aLa montaña de papel